000 00629nam a2200241 a 4500
001 nice12345678
003 IN_TiNIC
005 20260116012841.0
008 050524s1993 lona grp 000 0 eng
020 _a0700705
_c450
082 0 0 _a261.27
_bPOW
100 _aPowell, Arvil Ann
245 _aMuslims and Missionaries in Pre-Mutiny India
260 _aLondon
_bCurzon Press
_c1993
300 _a339p
500 _aincludes index and biblioraphy
505 2 _aGlossary, Biblio., Index
650 _aMissions-India-Muslims
700 1 _aPowell, Arvil Ann
902 _bSRS
942 _cBK
999 _c8635
_d8635